Institut Européen d'Administration Publique

Gespeichert in:
Bibliographische Detailangaben
Format: Buch
Sprache:Französisch
Englisch
Veröffentlicht: Maastricht Institut européen d'administration publique [1994]
Ausgabe:1. éd.
Schlagworte:
Tags: Tag hinzufügen
Keine Tags, Fügen Sie das erste Tag hinzu!

MARC

LEADER 00000nam a2200000 4500
001 c010195
005 20221205140635.2
041 0 |a fre 
041 0 |a eng 
044 |a NL 
245 1 0 |a Institut Européen d'Administration Publique 
250 |a 1. éd. 
264 1 |a Maastricht  |b Institut européen d'administration publique  |c [1994] 
300 |a 56 s. 
610 2 0 |a správa štátna 
610 2 0 |a inštitúcie verejnoprávne 
610 2 0 |a organizácie medzinárodné 
610 2 0 |a organizácie nevládne 
610 2 0 |a kooperácia 
610 2 0 |a Európske spoločenstvá 
610 2 0 |a EIPA